Hydraulika : Príklady a návody na cvičenia.1.časť

Na minha lista:
Detalhes bibliográficos
Main Authors: Kamenský, Jozef, 1941- (Author), Mečár, Miroslav (Author), Vodzinský, Vasil (Author)
Formato: Livro
Idioma:eslovaco
Publicado em: Bratislava : SVŠT v Bratislave, 1985
Tags: Adicionar Tag
Sem tags, seja o primeiro a adicionar uma tag!

MARC

LEADER 00000nam a22000003a 4500
001 stu81969
005 20150617225637.4
008 031001s1985----cs------------------slo-d
040 |a STU  |b slo 
041 0 |a slo 
044 |a cs 
080 |a 556.34(075.8) 
100 1 |a Kamenský, Jozef,  |d 1941-  |4 aut  |X 839  |7 A000000839 
245 1 |a Hydraulika :  |b Príklady a návody na cvičenia.1.časť 
260 |a Bratislava :  |b SVŠT v Bratislave,  |c 1985 
300 |a 247 s.;tab.,schémy 
700 1 |a Mečár, Miroslav  |4 aut 
700 1 |a Vodzinský, Vasil  |4 aut 
996 |b 284V018716  |c V*22538/S-86  |l VVS  |s A  |a 24  |w stu81969_0003 
996 |b 284V018723  |c V*22542/S-86  |l VVS  |s A  |a 24  |w stu81969_0006 
996 |b 284V012142  |c V*40469/S-03  |l VVS  |s A  |a 24  |w stu81969_0011 
996 |b 284V012143  |c V*40468/S-03  |l VVS  |s A  |a 24  |w stu81969_0012 
996 |b 284V023690  |c V*30305/O-12245 I.  |l VVT  |s A  |a 24  |w stu81969_0020